Les équipes ascenseurs L1--> L2 - Statistiques

Statistiques générales
  • Ce quiz a été pris 119 fois
  • Le résultat moyen est 11 sur 16
Statistiques - réponses
nombre de rélégation nombre de rélégation % Correct
1 Metz 11
91%
14 Saint Etienne 05
78%
5 Lens 07
77%
3 Troyes 09
76%
Angers 06
73%
Nice 06
73%
2 Strasbourg 10
72%
Bordeaux 05
69%
4 Rennes 08
67%
10 Lille OSC 06
65%
Montpellier 07
65%
Le Havre 07
64%
Caen 06
63%
Nancy 07
62%
Nimes 05
62%
Valenciennes 07
47%
Aucun quiz correspondant
Distribution des résultats
% des personnes avec chaque résultat
Percentile par nombre de réponses
Votre historique - résultats
Vous n’avez pas pris ce quiz